000 00297nam a22001337a 4500
008 170613b xxu||||| |||| 00| 0 eng d
020 _a0256060851
041 _aeng
080 _a32
100 _a19
101 _aSHP
245 _aBRITISH GOVERNMENT & POLITICS
_cPUNNETT, R.M
942 _2udc
_cBK
999 _c17104
_d17104